Mr Christopher Shaw Mrs Gabriele Shaw v MFP Foundations & Piling Limited (Record no. 82311)

MARC details
000 -LEADER
fixed length control field 01200cad a22002415a 4500
001 - CONTROL NUMBER
control field L149867
008 - FIXED-LENGTH DATA ELEMENTS--GENERAL INFORMATION
fixed length control field 100510e2010 xxk 000 0 eng d
035 ## - SYSTEM CONTROL NUMBER
System control number (Sirsi) u149867
041 0# - LANGUAGE CODE
Language code of text/sound track or separate title eng
245 00 - TITLE STATEMENT
Title Mr Christopher Shaw Mrs Gabriele Shaw v MFP Foundations & Piling Limited
Medium [electronic resource]
260 ## - PUBLICATION, DISTRIBUTION, ETC.
Place of publication, distribution, etc. London
Name of publisher, distributor, etc. EWHC Ch
Date of publication, distribution, etc. 2010
520 ## - SUMMARY, ETC.
Summary, etc. [2010] EWHC 9 (Ch), 6 January 2010. Bankruptcy will not always follow the failure to pay an adjudicator's award even if, as this case shows, the debtor has the means to do so. If the debtor has failed to pursue a cross-claim before the adjudicator, only to raise it when faced with a statutory demand, that may cast doubt on its genuineness or strength.
590 ## - LOCAL NOTE (RLIN)
Local note KA NTK
650 24 - SUBJECT ADDED ENTRY--TOPICAL TERM
Topical term or geographic name entry element MR CHRISTOPHER SHAW
650 24 - SUBJECT ADDED ENTRY--TOPICAL TERM
Topical term or geographic name entry element MRS GABRIELE SHAW
650 24 - SUBJECT ADDED ENTRY--TOPICAL TERM
Topical term or geographic name entry element MFP FOUNDATIONS AND PILING LIMITED
651 #4 - SUBJECT ADDED ENTRY--GEOGRAPHIC NAME
Geographic name United Kingdom
690 ## - LOCAL SUBJECT ADDED ENTRY--TOPICAL TERM (OCLC, RLIN)
Topical term or geographic name as entry element MANAGEMENT-DISPUTE AVOIDANCE
690 ## - LOCAL SUBJECT ADDED ENTRY--TOPICAL TERM (OCLC, RLIN)
Topical term or geographic name as entry element MANAGEMENT AND RESOLUTION-DISPUTE
690 ## - LOCAL SUBJECT ADDED ENTRY--TOPICAL TERM (OCLC, RLIN)
Topical term or geographic name as entry element MANAGEMENT AND RESOLUTION-ALTERNATIVE DISPUTE RESOLUTION-ADJUDICATION
856 48 - ELECTRONIC LOCATION AND ACCESS
Uniform Resource Identifier <a href="https://www.bailii.org/ew/cases/EWHC/Ch/2010/9.html">https://www.bailii.org/ew/cases/EWHC/Ch/2010/9.html</a>
Public note View the website free of charge at www.bailii.org
942 ## - ADDED ENTRY ELEMENTS (KOHA)
Suppress in OPAC 0
Source of classification or shelving scheme Dewey Decimal Classification
Holdings
Withdrawn status Lost status Source of classification or shelving scheme Damaged status Not for loan Home library Current library Shelving location Date acquired Total Checkouts Full call number Barcode Date last seen Copy number Price effective from Koha item type
    Dewey Decimal Classification     Virtual Virtual Online 10/05/2010   ONLINE PUBLICATION 149867-2001 06/08/2019 1 06/08/2019 Law report